000 nam a22 7a 4500
999 _c20787
_d20787
008 170120b xxu||||| |||| 00| 0 eng d
050 _aNK 9509.95 .C43L662 1987
100 _aLongest, David.
245 _aCharacter toys and collectible/
_cDavid Longest.
260 _aSingapore :
_bCollecto Books,
_c1987.
300 _a254p. :
_bill. ;
_c27cm.
500 _aInclude index,
942 _2lcc
_cBOOKS
_hNK 9509.95 .C43L662 1987